000 00442nam a2200193Ia 4500
005 20250603145736.0
008 250603s9999 xx 000 0 und d
020 _a9780077122799
050 _aQA 76.76 .D47 H84/
100 _aHughes, Bob
245 0 _aSoftware project management
250 _a5th ed.
260 _aLondon
260 _bMc-Graw Hill Higher
260 _c2009
300 _a392 p
650 _aLondon
942 _cBK
999 _c42721
_d42721